EÚ sa rozšíri o chudobný región budúci členovia: ekonomika rastie, životná úroveň pokrivkáva

Rozširovanie Európskej únie o 11 vybratých kandidátov: Českú republiku, Maďarsko, Poľsko, Slovinsko, Estónsko a Cyprus - najpripravenejších krajín, a na Slovensko, Rumunsko, Litvu, Lotyšsko a Bulharsko. Kritéria pre vstup do Európskej únie. Štatistické údaje o životnej úrovni a ekonomických ukazovat...

Descripción completa

Guardado en:
Detalles Bibliográficos
Autor principal: Novák, Jaromír
Formato: Libro
Lenguaje:eslovaco
Materias:
Etiquetas: Agregar Etiqueta
Sin Etiquetas, Sea el primero en etiquetar este registro!

MARC

LEADER 00000nam a2200000 4500
001 r030180
005 20230824093247.3
041 0 |a slo 
044 |a SK 
245 1 0 |a EÚ sa rozšíri o chudobný región  |b budúci členovia: ekonomika rastie, životná úroveň pokrivkáva  |c Jaromír Novák 
520 |a Rozširovanie Európskej únie o 11 vybratých kandidátov: Českú republiku, Maďarsko, Poľsko, Slovinsko, Estónsko a Cyprus - najpripravenejších krajín, a na Slovensko, Rumunsko, Litvu, Lotyšsko a Bulharsko. Kritéria pre vstup do Európskej únie. Štatistické údaje o životnej úrovni a ekonomických ukazovateľoch zo Štatistického úradu EÚ v Luxembursku. Hustota obyvateľstva a rozloha kandidátskych. 
610 2 0 |a integrácia ekonomická medzinárodná 
610 2 0 |a Česko 
610 2 0 |a Maďarsko 
610 2 0 |a Poľsko 
610 2 0 |a Slovinsko 
610 2 0 |a Estónsko 
610 2 0 |a Cyprus 
610 2 0 |a Slovensko 
610 2 0 |a Rumunsko 
610 2 0 |a Litva 
610 2 0 |a Lotyšsko 
610 2 0 |a Bulharsko 
610 2 0 |a úroveň životná 
610 2 0 |a ukazovatele ekonomické 
610 2 0 |a produkt domáci hrubý 
610 2 0 |a spolupráca hospodárska medzinárodná 
610 2 0 |a Európska únia 
100 1 |a Novák, Jaromír